Statistics for Top 13 Utah Jazz Players

Click here to take the quiz!

General Stats

  • This quiz has been taken 16 times
  • The average score is 8 of 13

Answer Stats

Position Answer % Correct
CGobert
94%
PGStockton
94%
PFMalone
88%
CEaton
75%
SGMaravich
69%
PGWilliams
63%
SFHayward
63%
CoachSloan
56%
SGDantley
50%
SGRussell
38%
SFKirilenko
31%
PFMillsap
31%
PGHill
6%

Score Distribution

Percentile by Number Answered

Percent of People with Each Score

Your Score History

You have not taken this quiz